000
00460nam a2200181Ia 4500
008
100917s9999 xx 000 0 und d
082
_b
34626
100
_a
राजे शैलजा
245
_a
सावर
260
_b
दिलिप प्रकाशन
_c
1978
300
_a
168
365
_b
16
520
_a
कादंबरी
630
_a
सावर
650
_a
कादंबरी
730
_a
सावर
942
_c
BOOK
999
_c
640020
_d
640017